000
00336nam a2200145Ia 4500
005
20251222152724.0
008
251222s9999||||xx |||||||||||||| ||spa||
020
_a
8478805036
082
_a
868/G45
100
_a
Gila, Miguel
245
0
_a
Y entonces NacĂ Yo
250
_a
1ra.ed.
264
_b
Ediciones Temas de Hoy
942
_c
LIB
999
_c
29681
_d
29681